Probabilistic reliability engineering /

Bibliographic Details
Main Author: Gnedenko, B. V. (Boris Vladimirovich), 1912-1995
Other Authors: Ushakov, I. A. (Igorʹ Alekseevich), Falk, James (James A.)
Format: Book
Language:English
Published: New York : Wiley, [1995]
Subjects:

MARC

Tag First Indicator Second Indicator Subfields
LEADER 00000cam a2200000 a 4500
001 in00001237641
005 20160226120019.0
008 950217s1995 nyua b 001 0 eng
010 |a  95009901  
020 |a 0471305022 (acid-free paper) 
035 |a (OCoLC)32132356 
035 |9 AGT5252AM 
040 |a DLC  |c DLC  |d UtOrBLW 
049 |a TXAM 
050 0 0 |a TA169  |b .U75 1995 
082 0 0 |a 620/.00452  |2 20 
100 1 |a Gnedenko, B. V.  |q (Boris Vladimirovich),  |d 1912-1995. 
245 1 0 |a Probabilistic reliability engineering /  |c Boris Gnedenko, Igor Ushakov ; edited by James Falk. 
264 1 |a New York :  |b Wiley,  |c [1995] 
264 4 |c ©1995 
300 |a xix, 518 pages :  |b illustrations ;  |c 25 cm. 
336 |a text  |b txt  |2 rdacontent 
337 |a unmediated  |b n  |2 rdamedia 
338 |a volume  |b nc  |2 rdacarrier 
504 |a Includes bibliographical references and index. 
500 |a "A Wiley-Interscience publication." 
650 0 |a Reliability (Engineering) 
700 1 |a Ushakov, I. A.  |q (Igorʹ Alekseevich) 
700 1 |a Falk, James  |q (James A.) 
999 |a MARS 
999 f f |s 8163e913-4b05-35ec-8849-4339d2e5b9ef  |i 90a63ac9-de04-345c-a607-21b6e2ed6379  |t 0 
952 f f |p ric  |a Texas A&M University  |b Rellis Campus  |c Joint Library Facility  |d Remote Storage  |t 0  |e TA169 .U75 1995  |h Library of Congress classification  |i unmediated -- volume  |m A14819546997 
998 f f |a TA169 .U75 1995  |t 0  |l Remote Storage